| 000 | 02125nam a2200397 a 4500 | ||
|---|---|---|---|
| 001 | 41878 | ||
| 003 | BD-RjUL | ||
| 005 | 20211209053450.0 | ||
| 008 | 160607d19511965enkar p f0 a0eng c | ||
| 035 | _a(BD-RjUL)41996 | ||
| 040 |
_aMUL _beng _cMUL _dBD-RjUL |
||
| 041 | _aeng | ||
| 082 | 0 | 0 |
_a354.42 _219 _bCOM 1953 |
| 110 | 1 |
_aGreat Britain. _bOffice of Commonwealth Relations. _9128677 |
|
| 245 | 1 | 4 |
_aThe Commonwealth Relations Office list 1953 / _cTheBritish Council |
| 260 |
_aLondon : _bH.M.S.O., _c1953 |
||
| 300 |
_a252 p.; _c21cm. |
||
| 515 | _aVol. for 1954 not published. | ||
| 580 | _aFormed by the union of: Great Britain. India Office. India Office and Burma Office list for ... ; and: Great Britain. Office of Commonwealth Relations. Dominions Office and Colonial Office list for ... | ||
| 580 | _aSplit into: Great Britain. Office of Commonwealth Relations. Commonwealth Relations Office year book; and: Great Britain. Diplomatic Service Administration Office. Diplomatic Service List. | ||
| 650 | 7 |
_aPolitics and government. _2fast _9128678 |
|
| 651 | 0 |
_aGreat Britain _xPolitics and government _vHandbooks, manuals, etc. _9128679 |
|
| 651 | 0 |
_aGreat Britain _vRegisters. _9128680 |
|
| 651 | 0 |
_aCommonwealth countries _vHandbooks, manuals, etc. _9128681 |
|
| 651 | 7 |
_aCommonwealth countries. _2fast _9128682 |
|
| 651 | 7 |
_aGreat Britain. _2fast _9128683 |
|
| 655 | 7 |
_aHandbooks and manuals. _2fast _9128684 |
|
| 655 | 7 |
_aRegisters (Lists) _2fast _9128685 |
|
| 780 | 1 | 4 |
_aGreat Britain. India Office. _tIndia Office and Burma Office list for ... _w(DLC)sn 77011685 _w(OCoLC)1588152 |
| 780 | 1 | 4 |
_aGreat Britain. Office of Commonwealth Relations. _tDominions Office and Colonial Office list for ... _w(DLC)sn 84032321 _w(OCoLC)5198244 |
| 785 | 1 | 6 |
_aGreat Britain. Office of Commonwealth Relations. _tCommonwealth Relations Office year book _x0588-7860 _w(DLC) 51030109 _w(OCoLC)1624409 |
| 785 | 1 | 6 |
_aGreat Britain. Diplomatic Service Administration Office. _tDiplomatic Service list _x0419-1714 _w(DLC) 66004595 _w(OCoLC)1566667 |
| 942 |
_2ddc _cBK |
||
| 999 |
_c41878 _d41878 |
||